000 00749pam a2200241 a 4500
001 1144671
005 20180110081703.0
008 950810s1996 mauab b 001 0 eng
010 _a 95037265
020 _a0205175376
040 _aDLC
_cDLC
_dDLC
041 _aeng
043 _an-us---
080 _a372.83044
082 0 0 _a372.83044 GAR
_220
100 1 _a46
101 _aEDU
245 1 0 _aSocial studies for children :
_cJohn U. Michaelis, Jesus Garcia.
504 _aIncludes bibliographical references and index.
906 _a7
_bcbc
_corignew
_d1
_eocip
_f19
_gy-gencatlg
942 _2ddc
_cBK
999 _c40032
_d40032